[Event "Kostroma-ch"]
[Site "Kostroma"]
[Date "2014.09.25"]
[Round "2"]
[White "Morozov, Egor"]
[Black "Masliakov, Mikhail"]
[Result "0-1"]
[WhiteElo "2265"]
[BlackElo "2233"]
[PlyCount "112"]
[EventDate "2014.??.??"]
[EventType "tourn"]
[EventRounds "9"]
[EventCountry "RUS"]
[SourceTitle "EXT 2015"]
[Source "ChessBase"]
[SourceDate "2014.11.20"]
[SourceVersion "1"]
[SourceVersionDate "2014.11.20"]
[SourceQuality "1"]

1. e4 e6 2. d4 d5 3. Nd2 Nf6 4. e5 Nfd7 5. Ngf3 c5 6. c3 Nc6 7. Bd3 Qb6 8. 0-0 cxd4 9. cxd4 Be7 10. Re1 h6 11. a3 Nxd4 12. Nxd4 Qxd4 13. Nf3 Qb6 14. b4 Qd8 15. Nd4 Nb6 16. Qg4 Kf8 17. Re3 h5 18. Rh3 g6 19. Qf3 Kg7 20. Qf4 a6 21. Rg3 Qe8 22. Nf3 Nd7 23. Ng5 Nf8 24. Rf3 Bxg5 25. Qxg5 Bd7 26. g4 hxg4 27. Qxg4 Kg8 28. Bg5 Rc8 29. Bf6 Rh7 30. h4 Bb5 31. h5 Bxd3 32. Rxd3 Rxh5 33. Rh3 Rc4 34. Qg2 Rh7 35. Rd1 Qa4 36. Rdd3 Qc2 37. Qf3 Qb1+ 38. Kh2 Qe1 39. Re3 Qf1 40. Rxh7 Nxh7 41. Be7 Rc2 42. Bh4 Rc1 43. Rc3 Qg1+ 44. Kh3 Qh1+ 45. Qxh1 Rxh1+ 46. Kg4 g5 47. Bg3 Ra1 48. Rc7 b5 49. Rc3 Kg7 50. Kf3 Kg6 51. Ke3 Nf8 52. f4 Nd7 53. fxg5 Nb6 54. Kd4 Rd1+ 55. Ke3 d4+ 56. Ke2 dxc3 0-1

[Event "St Petersburg White Nights op"]
[Site "St Petersburg"]
[Date "2007.06.29"]
[Round "5"]
[White "Masliakov, Mikhail"]
[Black "Manina, Ksenia"]
[Result "1/2-1/2"]
[WhiteElo "2228"]
[BlackElo "1991"]
[PlyCount "21"]
[EventDate "2007.06.25"]
[EventType "swiss"]
[EventRounds "9"]
[EventCountry "RUS"]
[SourceTitle "CBM 119 Extra"]
[Source "ChessBase"]
[SourceDate "2007.09.04"]
[SourceVersion "1"]
[SourceVersionDate "2007.09.04"]
[SourceQuality "1"]

1. d4 d5 2. c4 e6 3. Nc3 Nf6 4. Bg5 Nbd7 5. Nf3 Be7 6. e3 0-0 7. cxd5 exd5 8. Bd3 h6 9. Bh4 b6 10. 0-0 Bb7 11. Rc1 1/2-1/2

[Event "St Petersburg White Nights op"]
[Site "St Petersburg"]
[Date "2007.06.28"]
[Round "4"]
[White "Velitchko, Kirill"]
[Black "Masliakov, Mikhail"]
[Result "1-0"]
[WhiteElo "1825"]
[BlackElo "2228"]
[PlyCount "57"]
[EventDate "2007.06.25"]
[EventType "swiss"]
[EventRounds "9"]
[EventCountry "RUS"]
[SourceTitle "CBM 119 Extra"]
[Source "ChessBase"]
[SourceDate "2007.09.04"]
[SourceVersion "1"]
[SourceVersionDate "2007.09.04"]
[SourceQuality "1"]

1. d4 Nf6 2. c4 c5 3. d5 b5 4. cxb5 a6 5. bxa6 Bxa6 6. Nc3 g6 7. Nf3 Bg7 8. e4 Bxf1 9. Kxf1 d6 10. g3 0-0 11. Kg2 Nbd7 12. h3 Ra7 13. Re1 Qa8 14. Nd2 Nb6 15. Qc2 e6 16. dxe6 fxe6 17. Qb3 Qc6 18. Qxe6+ Kh8 19. Nc4 Nc8 20. Nd2 Re7 21. Qb3 d5 22. Nxd5 Nxd5 23. exd5 Qf6 24. Rf1 Re2 25. Nf3 c4 26. Qa3 Qf7 27. Bd2 Qxd5 28. Rad1 c3 29. Qxf8+ 1-0

[Event "St Petersburg White Nights op"]
[Site "St Petersburg"]
[Date "2007.06.26"]
[Round "2"]
[White "Turikov, Viktor"]
[Black "Masliakov, Mikhail"]
[Result "1-0"]
[WhiteElo "2367"]
[BlackElo "2228"]
[PlyCount "102"]
[EventDate "2007.06.25"]
[EventType "swiss"]
[EventRounds "9"]
[EventCountry "RUS"]
[SourceTitle "CBM 119 Extra"]
[Source "ChessBase"]
[SourceDate "2007.09.04"]
[SourceVersion "1"]
[SourceVersionDate "2007.09.04"]
[SourceQuality "1"]

1. e4 e6 2. d3 d5 3. Nd2 Nf6 4. Ngf3 c5 5. g3 Nc6 6. Bg2 g6 7. 0-0 Bg7 8. c3 0-0 9. Re1 b6 10. e5 Nd7 11. d4 a5 12. Nf1 Ba6 13. a3 b5 14. h4 a4 15. Bg5 Qb6 16. N1h2 Na5 17. Ng4 cxd4 18. Nxd4 Nc4 19. Be7 Ncxe5 20. Nxe5 Nxe5 21. Bxf8 Rxf8 22. Rb1 Nc4 23. Nc2 Qc5 24. Nb4 Bb7 25. Qe2 e5 26. Rbd1 e4 27. Kh1 f5 28. f3 Be5 29. f4 Bf6 30. Kh2 d4 31. cxd4 Bxd4 32. Rc1 Qb6 33. Rxc4 bxc4 34. Qxc4+ Kh8 35. Re2 Rc8 36. Qf7 Qc7 37. Qe6 Qc4 38. Qd7 Qxe2 39. Qxd4+ Kg8 40. Qd7 Qxb2 41. Qxb7 Rd8 42. Kh3 Qxa3 43. Bf1 Qc1 44. Qa6 Rc8 45. Nd5 Kg7 46. Qf6+ Kh6 47. Bg2 a3 48. Qg5+ Kg7 49. Qe7+ Kh6 50. Nf6 Rh8 51. Nh5 Rg8 1-0